[Event "4NCL Division 3 North"]
[Site "Bolton, ENG"]
[Date "2019.02.09"]
[Round "5.61"]
[White "Haslinger, Gareth J"]
[Black "Carpenter, Martin"]
[Result "0-1"]
[WhiteElo "2057"]
[BlackElo "2016"]
[PlyCount "116"]
[EventDate "2019.02.09"]
[WhiteTeam "Manx Liberty 2"]
[BlackTeam "Jorvik"]

1. d4 Nf6 2. Nf3 e6 3. Bf4 c5 4. c3 Nc6 5. e3 d5 6. Nbd2 Bd6 7. Bg3 O-O 8. Bd3
b6 9. Ne5 Bb7 10. O-O Qc7 11. f4 Ne7 12. Bh4 Ne4 13. Bxe7 Qxe7 14. Rc1 f6 15.
Nec4 Nxd2 16. Nxd2 e5 17. fxe5 fxe5 18. Qh5 e4 19. Bb1 c4 20. b3 b5 21. bxc4
bxc4 22. Bc2 Bc6 23. Rb1 Rab8 24. Rxf8+ Rxf8 25. Rf1 Rxf1+ 26. Nxf1 Qf7 27. Qg5
h6 28. Qd8+ Qf8 29. Qh4 Bd7 30. Bd1 Qe7 31. Qf2 Ba3 32. Qf4 Qd6 33. Qh4 Qf6 34.
Qg3 Bd6 35. Qf2 Qxf2+ 36. Kxf2 Ba3 37. Ke1 g6 38. Kd2 Kg7 39. h3 Kf6 40. Ng3
Bd6 41. Nh1 Kg5 42. Nf2 h5 43. Bc2 Kh4 44. Ke2 Ba3 45. Nxe4 dxe4 46. Bxe4 Bf5
47. Bd5 Bd3+ 48. Kf3 Bb2 49. Kf4 Bxc3 50. Be6 Be1 51. e4 c3 52. Bb3 c2 53. Bxc2
Bxc2 54. e5 Bg3+ 55. Kf3 Bf5 56. a4 a5 57. Ke3 Kg5 58. Kd2 Be6 0-1

[Event "4NCL Division 3 North"]
[Site "Bolton, ENG"]
[Date "2019.02.09"]
[Round "5.62"]
[White "Hodge, Steve R"]
[Black "Akeya-Price, Robert"]
[Result "1/2-1/2"]
[WhiteElo "1983"]
[BlackElo "1878"]
[PlyCount "64"]
[EventDate "2019.02.09"]
[WhiteTeam "Jorvik"]
[BlackTeam "Manx Liberty 2"]

1. e4 c6 2. d4 d5 3. Nc3 dxe4 4. Nxe4 Bf5 5. Ng3 Bg6 6. Nf3 Nd7 7. h4 h6 8. h5
Bh7 9. Bd3 Bxd3 10. Qxd3 e6 11. Bd2 Ngf6 12. O-O-O Qc7 13. Qe2 O-O-O 14. Ne5
Nb6 15. Ba5 Rd5 16. Bxb6 axb6 17. c4 Ra5 18. Kb1 Bd6 19. f4 Rd8 20. Rd3 b5 21.
Rhd1 bxc4 22. Nxc4 Rb5 23. Nxd6+ Qxd6 24. Qd2 Nxh5 25. Ne2 Nf6 26. Nc3 Rf5 27.
g3 g5 28. fxg5 hxg5 29. Qc2 Qc7 30. a3 Nd5 31. Ne4 Re8 32. Qc4 Rd8 1/2-1/2

[Event "4NCL Division 3 North"]
[Site "Bolton, ENG"]
[Date "2019.02.09"]
[Round "5.63"]
[White "Miah, Zahed"]
[Black "White, Mark W"]
[Result "0-1"]
[WhiteElo "1867"]
[BlackElo "2024"]
[PlyCount "46"]
[EventDate "2019.02.09"]
[WhiteTeam "Manx Liberty 2"]
[BlackTeam "Jorvik"]

1. e4 c5 2. Nf3 Nc6 3. d4 cxd4 4. Nxd4 Nf6 5. Nc3 e5 6. Ndb5 d6 7. Bg5 a6 8.
Bxf6 gxf6 9. Na3 f5 10. Bd3 fxe4 11. Bxe4 Be6 12. Nd5 Bg7 13. O-O O-O 14. Nc4
f5 15. Bf3 e4 16. Be2 Nd4 17. Ncb6 Be5 18. f4 Nxe2+ 19. Kh1 Nxf4 20. Rxf4 Bxf4
21. Nxa8 Bxd5 22. Qxd5+ Kh8 23. g3 Be5 0-1

[Event "4NCL Division 3 North"]
[Site "Bolton, ENG"]
[Date "2019.02.09"]
[Round "5.64"]
[White "Cowan, Richard M"]
[Black "Thoday, Francis"]
[Result "1/2-1/2"]
[WhiteElo "1902"]
[BlackElo "1821"]
[PlyCount "100"]
[EventDate "2019.02.09"]
[WhiteTeam "Jorvik"]
[BlackTeam "Manx Liberty 2"]

1. Nf3 Nf6 2. c4 c5 3. g3 g6 4. Bg2 Bg7 5. O-O O-O 6. d3 d6 7. Nc3 Nc6 8. Rb1
a5 9. a3 Rb8 10. Bd2 b6 11. Qc1 Bb7 12. Bh6 Nd4 13. e4 Nxf3+ 14. Bxf3 e5 15. h4
Qd7 16. Kg2 Ng4 17. Bxg7 Kxg7 18. h5 h6 19. Rh1 g5 20. Bxg4 Qxg4 21. f3 Qd7 22.
g4 Bc6 23. Nd1 b5 24. Ne3 b4 25. axb4 axb4 26. Qc2 Qc7 27. Ra1 Ra8 28. Rhb1 Bd7
29. Qd1 Qb7 30. Rxa8 Rxa8 31. Ra1 Ra6 32. Qc1 Qa7 33. Rxa6 Qxa6 34. Nd5 Qa5 35.
Qb1 Be6 36. Ne3 Qa4 37. b3 Qa3 38. Nc2 Qa5 39. Qb2 f6 40. Kf2 Kf7 41. Ke2 Qa7
42. Ne3 Qa5 43. Kf2 Qa7 44. Kg3 Qa5 45. Kh3 Qa7 46. Qc2 Qa1 47. Kg3 Ke7 48. Nd1
Kd8 49. Kg2 Ke7 50. Nb2 Qa2 1/2-1/2

[Event "4NCL Division 3 North"]
[Site "Bolton, ENG"]
[Date "2019.02.09"]
[Round "5.65"]
[White "Haslinger, J Mike"]
[Black "Flint, Martina"]
[Result "1-0"]
[WhiteElo "1764"]
[BlackElo "1828"]
[PlyCount "59"]
[EventDate "2019.02.09"]
[WhiteTeam "Manx Liberty 2"]
[BlackTeam "Jorvik"]

1. d4 g6 2. Nf3 Bg7 3. e4 d6 4. Be3 c6 5. Nc3 Nf6 6. Bd3 O-O 7. Qd2 Ng4 8. Bg5
h6 9. Bh4 Kh7 10. h3 Nf6 11. O-O Qc7 12. Bg3 Nfd7 13. Rfd1 a6 14. a4 c5 15. Nd5
Qd8 16. c3 Nc6 17. Bc2 b6 18. e5 e6 19. Bh4 f6 20. Nf4 dxe5 21. Bxg6+ Kg8 22.
Nxe6 Qe7 23. Nxf8 Bxf8 24. dxe5 Ndxe5 25. Nxe5 Qxe5 26. Re1 Qd6 27. Qxd6 Bxd6
28. Bxf6 Bb7 29. Rad1 Bf8 30. Rd7 1-0

[Event "4NCL Division 3 North"]
[Site "Bolton, ENG"]
[Date "2019.02.09"]
[Round "5.66"]
[White "Anderson, Paul W"]
[Black "Dobson, Howard EJ"]
[Result "1/2-1/2"]
[WhiteElo "1779"]
[BlackElo "1632"]
[PlyCount "71"]
[EventDate "2019.02.09"]
[WhiteTeam "Jorvik"]
[BlackTeam "Manx Liberty 2"]

1. c4 c5 2. Nf3 Nf6 3. Nc3 Nc6 4. g3 g6 5. Bg2 Bg7 6. b3 d5 7. cxd5 Nxd5 8. Bb2
O-O 9. O-O Nxc3 10. Bxc3 e5 11. Rc1 Be6 12. d3 Qe7 13. Nd2 Rac8 14. Bb2 Rfd8
15. Ne4 b6 16. Nc3 f5 17. Qe1 Kh8 18. Rd1 Nb4 19. Qd2 e4 20. a3 Nc6 21. Rb1
Bxb3 22. Nxe4 Bd5 23. Bxg7+ Qxg7 24. Ng5 Nd4 25. Bxd5 Rxd5 26. Qa2 Rd7 27. a4
h6 28. Nh3 Re8 29. Rfe1 Rde7 30. Kf1 Qf6 31. Nf4 Qc6 32. Qd5 Qxd5 33. Nxd5 Re5
34. Nc3 Nc2 35. Rec1 Nd4 36. Re1 1/2-1/2

[Event "4NCL Division 3 North"]
[Site "Bolton, ENG"]
[Date "2019.02.09"]
[Round "5.71"]
[White "Latham, David"]
[Black "Jones, Neil T"]
[Result "1-0"]
[WhiteElo "2079"]
[BlackElo "1840"]
[PlyCount "63"]
[EventDate "2019.02.09"]
[WhiteTeam "Spirit of Atticus B"]
[BlackTeam "Manchester Manticores 4"]

1. d4 Nf6 2. Nf3 e6 3. c4 Bb4+ 4. Bd2 Qe7 5. a3 Bxd2+ 6. Nbxd2 d6 7. g3 e5 8.
d5 a5 9. Bg2 O-O 10. e4 Bd7 11. O-O Na6 12. Qc2 a4 13. Ne1 Nc5 14. Nd3 b6 15.
Rae1 Rfb8 16. f4 Nxd3 17. Qxd3 b5 18. Rf2 bxc4 19. Qc3 Be8 20. fxe5 dxe5 21. h3
Nd7 22. Bf1 Rb6 23. Bxc4 Rg6 24. Kh2 Qc5 25. Rf3 Rb8 26. Re2 Qd6 27. Ba2 Nb6
28. Ref2 Kh8 29. Rf5 Bd7 30. Rxf7 Rh6 31. Qxe5 Rxh3+ 32. Kg2 1-0

[Event "4NCL Division 3 North"]
[Site "Bolton, ENG"]
[Date "2019.02.09"]
[Round "5.72"]
[White "Livesey, R Nigel"]
[Black "Bimpson, Tom"]
[Result "0-1"]
[WhiteElo "1825"]
[BlackElo "1966"]
[PlyCount "68"]
[EventDate "2019.02.09"]
[WhiteTeam "Manchester Manticores 4"]
[BlackTeam "Spirit of Atticus B"]

1. c4 d6 2. g3 e5 3. Bg2 f5 4. d4 Be7 5. dxe5 dxe5 6. Qxd8+ Bxd8 7. Nf3 Nc6 8.
O-O Nf6 9. Nc3 Be6 10. b3 Be7 11. Ng5 Bg8 12. Nb5 O-O-O 13. Bxc6 bxc6 14. Nc3
Nd7 15. Nf3 h6 16. Rd1 g5 17. Bb2 Be6 18. Na4 Bf6 19. Rd2 Rhg8 20. Rad1 g4 21.
Ne1 Bg5 22. Rc2 f4 23. Bc3 Bf5 24. Rb2 fxg3 25. hxg3 h5 26. Ng2 Be4 27. Bd2 Be7
28. Be3 Ba3 29. Rbd2 Bb4 30. Rb2 Nb6 31. Nxb6+ cxb6 32. Rxd8+ Rxd8 33. a4 Bc3
34. Ra2 Bb1 0-1

[Event "4NCL Division 3 North"]
[Site "Bolton, ENG"]
[Date "2019.02.09"]
[Round "5.73"]
[White "Johnson, Michael D"]
[Black "Lonsdale, Jon I"]
[Result "1/2-1/2"]
[WhiteElo "1969"]
[BlackElo "1832"]
[PlyCount "94"]
[EventDate "2019.02.09"]
[WhiteTeam "Spirit of Atticus B"]
[BlackTeam "Manchester Manticores 4"]

1. Nf3 c5 2. g3 Nc6 3. d4 cxd4 4. Nxd4 e5 5. Nxc6 bxc6 6. Bg2 Bc5 7. O-O Ne7 8.
c4 d5 9. cxd5 cxd5 10. Nc3 Be6 11. Qa4+ Qd7 12. Qxd7+ Kxd7 13. Rd1 Kc6 14. Na4
Bb6 15. Bg5 f6 16. Rac1+ Kb7 17. Bd2 Rac8 18. Bb4 Rxc1 19. Rxc1 Nc6 20. Ba3 Rd8
21. e3 Rd7 22. b3 Rd8 23. Bf1 Bd7 24. Nc5+ Bxc5 25. Bxc5 a6 26. b4 Na7 27. Be7
Re8 28. Bd6 Bc6 29. Bc5 Rc8 30. Bh3 Ra8 31. Bf5 h6 32. Bd3 Bb5 33. Bc2 Nc6 34.
Bb3 Rd8 35. a4 Be2 36. a5 Bf3 37. Ba4 d4 38. Bxc6+ Bxc6 39. exd4 exd4 40. Rd1
d3 41. f4 Bf3 42. Rd2 f5 43. Kf2 Be2 44. Ke3 Kc6 45. Rb2 Kb5 46. Kd2 Re8 47.
Rb1 g6 1/2-1/2

[Event "4NCL Division 3 North"]
[Site "Bolton, ENG"]
[Date "2019.02.09"]
[Round "5.74"]
[White "Newell, David F"]
[Black "Miles, Richard"]
[Result "0-1"]
[WhiteElo "1847"]
[BlackElo "1963"]
[PlyCount "96"]
[EventDate "2019.02.09"]
[WhiteTeam "Manchester Manticores 4"]
[BlackTeam "Spirit of Atticus B"]

1. Nf3 c5 2. d4 cxd4 3. Nxd4 g6 4. e4 Nc6 5. Nc3 Bg7 6. Be3 Nf6 7. Bc4 O-O 8.
O-O Nxe4 9. Nxe4 d5 10. Bxd5 Qxd5 11. Nc3 Qc4 12. Qe2 Qb4 13. Nb3 Bg4 14. f3
Be6 15. a3 Qc4 16. Qxc4 Bxc4 17. Rfd1 Bxb3 18. cxb3 Rfd8 19. Rxd8+ Rxd8 20. Rd1
Rxd1+ 21. Nxd1 a6 22. Kf2 f5 23. Ke2 Kf7 24. Kd3 Ne5+ 25. Kc2 Ke6 26. Nc3 Nc6
27. Kd3 Kd6 28. Na4 b5 29. Nc3 Ne5+ 30. Kc2 Nd7 31. Kd3 e6 32. Bf4+ Kc6 33. Be3
Nb6 34. Bxb6 Kxb6 35. b4 Kc6 36. b3 Bxc3 37. Kxc3 Kd5 38. Kd3 e5 39. h3 e4+ 40.
fxe4+ fxe4+ 41. Ke3 Ke5 42. g3 g5 43. h4 h6 44. hxg5 hxg5 45. g4 Kd5 46. a4 Ke5
47. axb5 axb5 48. Ke2 Kf4 0-1

[Event "4NCL Division 3 North"]
[Site "Bolton, ENG"]
[Date "2019.02.09"]
[Round "5.75"]
[White "Cooper, John G"]
[Black "Pardoe, David"]
[Result "1/2-1/2"]
[WhiteElo "1936"]
[BlackElo "1742"]
[PlyCount "41"]
[EventDate "2019.02.09"]
[WhiteTeam "Spirit of Atticus B"]
[BlackTeam "Manchester Manticores 4"]

1. e4 d5 2. exd5 Qxd5 3. Nc3 Qa5 4. d4 c6 5. Bc4 Nf6 6. Bd2 Qc7 7. Nge2 Bf5 8.
Bf4 Qa5 9. Ng3 Bg6 10. O-O e6 11. a3 a6 12. Re1 Be7 13. Qe2 Nd5 14. Be5 O-O 15.
Nce4 Nd7 16. b4 Qd8 17. Bb3 b5 18. Rad1 N7f6 19. Qf3 a5 20. Nc5 axb4 21. axb4
1/2-1/2

[Event "4NCL Division 3 North"]
[Site "Bolton, ENG"]
[Date "2019.02.09"]
[Round "5.76"]
[White "Grindrod, John"]
[Black "Mort, Andrew J"]
[Result "1/2-1/2"]
[WhiteElo "1682"]
[BlackElo "1799"]
[PlyCount "49"]
[EventDate "2019.02.09"]
[WhiteTeam "Manchester Manticores 4"]
[BlackTeam "Spirit of Atticus B"]

1. c4 c5 2. g3 Nf6 3. Nc3 d5 4. cxd5 Nxd5 5. Bg2 Nc7 6. Nf3 Nc6 7. O-O e5 8. d3
Be7 9. Be3 Ne6 10. Qc1 O-O 11. Na4 Qa5 12. b3 Ned4 13. Re1 Bg4 14. Nxd4 cxd4
15. Bd2 Qb5 16. Bxc6 bxc6 17. Nb2 Rac8 18. Kg2 Bd6 19. Nc4 h6 20. f3 f6 21. Qc2
Qd5 22. Bc1 Bb4 23. Bd2 Be7 24. Bc1 Bb4 25. Bd2 1/2-1/2

[Event "4NCL Division 3 North"]
[Site "Bolton, ENG"]
[Date "2019.02.10"]
[Round "6.11"]
[White "Townsend, M Paul"]
[Black "Turner, John M"]
[Result "1/2-1/2"]
[WhiteElo "2237"]
[BlackElo "1990"]
[PlyCount "94"]
[EventDate "2019.02.10"]
[WhiteTeam "White Rose 2"]
[BlackTeam "Holmes Chapel"]

1. Nf3 Nf6 2. c4 c5 3. Nc3 Nc6 4. e3 e6 5. d4 cxd4 6. exd4 d5 7. a3 Be7 8. cxd5
exd5 9. Bb5 O-O 10. O-O Bg4 11. Be3 Rc8 12. h3 Be6 13. Bxc6 Rxc6 14. Ne5 Rc8
15. Qb3 b6 16. Rac1 Bd6 17. Qa4 Bxe5 18. dxe5 Nd7 19. Qxa7 Ra8 20. Qb7 Rb8 21.
Qa6 Nxe5 22. Rfd1 Nc4 23. Bf4 Ra8 24. Qb5 Ra5 25. Qb4 Qa8 26. Rd4 Rc8 27. Nb5
Qa6 28. Nc7 Qb7 29. Nxe6 fxe6 30. Qe1 e5 31. Bxe5 Re8 32. f4 Qe7 33. Qb4 Nxe5
34. fxe5 Qxe5 35. Rcd1 Re6 36. Rf4 Qe3+ 37. Kh1 Rc5 38. Rdf1 h6 39. Rf8+ Kh7
40. R8f3 Qe4 41. Rf4 Qxb4 42. Rxb4 Rc2 43. Rd1 Rg6 44. Rxd5 Rgxg2 45. Rxb6 Rh2+
46. Kg1 Rhg2+ 47. Kh1 Rh2+ 1/2-1/2

[Event "4NCL Division 3 North"]
[Site "Bolton, ENG"]
[Date "2019.02.10"]
[Round "6.12"]
[White "Doran, Chris"]
[Black "Dunworth, Christopher N"]
[Result "1-0"]
[WhiteElo "1965"]
[BlackElo "2259"]
[PlyCount "89"]
[EventDate "2019.02.10"]
[WhiteTeam "Holmes Chapel"]
[BlackTeam "White Rose 2"]

1. e4 g6 2. d4 c6 3. Nc3 d6 4. Be3 Bg7 5. Qd2 Nd7 6. h4 h5 7. Nh3 b5 8. O-O-O
Nb6 9. b3 a5 10. Kb1 a4 11. Ng5 axb3 12. cxb3 Nh6 13. f3 d5 14. Bd3 dxe4 15.
Bxe4 Bf5 16. d5 b4 17. Bxb6 Qxb6 18. Na4 Rxa4 19. bxa4 O-O 20. dxc6 Qxc6 21.
Rc1 Qf6 22. Kc2 Qb6 23. Kb3 Be6+ 24. Nxe6 Qxe6+ 25. Qd5 Qf6 26. Rc2 e6 27. Qg5
Qd4 28. Qc5 Qf6 29. Qg5 Qd4 30. Qc5 Qf6 31. Rd1 Qxh4 32. Qc7 Qf6 33. a5 Nf5 34.
Bxf5 Qxf5 35. Rd8 Qb5 36. Rxf8+ Bxf8 37. Qd8 Qf1 38. Rc8 Qb1+ 39. Kc4 Qxa2+ 40.
Kb5 Qe2+ 41. Kb6 Qe3+ 42. Kb7 Qh6 43. Qxf8+ Qxf8 44. Rxf8+ Kxf8 45. a6 1-0

[Event "4NCL Division 3 North"]
[Site "Bolton, ENG"]
[Date "2019.02.10"]
[Round "6.13"]
[White "Gayson, Peter M"]
[Black "Bennett, Patrick"]
[Result "1/2-1/2"]
[WhiteElo "2125"]
[BlackElo "2004"]
[PlyCount "68"]
[EventDate "2019.02.10"]
[WhiteTeam "White Rose 2"]
[BlackTeam "Holmes Chapel"]

1. e4 d6 2. d4 g6 3. Nc3 Bg7 4. Be3 a6 5. Qd2 b5 6. h4 h5 7. Nh3 Bxh3 8. Rxh3
Nd7 9. O-O-O Ngf6 10. f3 c6 11. Bd3 Qc7 12. Rhh1 c5 13. dxc5 Nxc5 14. Kb1 b4
15. Ne2 O-O 16. Bh6 Bh8 17. Bxf8 Kxf8 18. Qxb4 Nfd7 19. c3 Rb8 20. Qa3 Ne5 21.
Nf4 Ncxd3 22. Rxd3 Nc4 23. Qxa6 Nxb2 24. Kc2 Nxd3 25. Qxd3 Qa7 26. Qc4 Be5 27.
Nd3 Bg7 28. Rb1 Ra8 29. Kd2 Kg8 30. a4 Qxa4 31. Rb8+ Kh7 32. Qxa4 Rxa4 33. Rb2
Rc4 34. Rb3 Bh6+ 1/2-1/2

[Event "4NCL Division 3 North"]
[Site "Bolton, ENG"]
[Date "2019.02.10"]
[Round "6.14"]
[White "Hancock, Michael L"]
[Black "Shaw, Peter"]
[Result "0-1"]
[WhiteElo "1892"]
[BlackElo "2085"]
[PlyCount "52"]
[EventDate "2019.02.10"]
[WhiteTeam "Holmes Chapel"]
[BlackTeam "White Rose 2"]

1. e4 c5 2. Nf3 e6 3. d4 cxd4 4. Nxd4 Nc6 5. Nc3 Qc7 6. g3 a6 7. Bg2 Nf6 8. O-O
Nxd4 9. Qxd4 Bc5 10. Qd3 O-O 11. Na4 Be7 12. c4 b5 13. cxb5 axb5 14. Nc3 b4 15.
Ne2 Ba6 16. Qf3 d5 17. exd5 Nxd5 18. Re1 Qe5 19. Qb3 Bxe2 20. Qc2 b3 21. Rxe2
bxc2 22. Rxe5 Bf6 23. Bxd5 Bxe5 24. Bxa8 Rxa8 25. f4 Bf6 26. Kf2 Rd8 0-1

[Event "4NCL Division 3 North"]
[Site "Bolton, ENG"]
[Date "2019.02.10"]
[Round "6.15"]
[White "Burnett, Jim"]
[Black "Roberts, Malcolm A"]
[Result "1-0"]
[WhiteElo "2117"]
[BlackElo "1630"]
[PlyCount "115"]
[EventDate "2019.02.10"]
[WhiteTeam "White Rose 2"]
[BlackTeam "Holmes Chapel"]

1. d4 d5 2. c4 c6 3. Nf3 Nf6 4. Nc3 e6 5. Bg5 Be7 6. e3 h6 7. Bh4 Nbd7 8. Rc1
b6 9. cxd5 exd5 10. Bd3 O-O 11. Qc2 Bb7 12. O-O Re8 13. Nd2 c5 14. dxc5 Nxc5
15. Bb5 Rf8 16. Rfd1 a6 17. Be2 Qc7 18. b4 Ncd7 19. Nxd5 Qd6 20. Nc4 Qe6 21.
Nxe7+ Qxe7 22. Bxf6 Nxf6 23. Nxb6 Rab8 24. Qc5 Qe6 25. Bc4 Qg4 26. Bf1 Rfe8 27.
h3 Qg6 28. Nc4 Ne4 29. Qd4 Ng5 30. Qg4 Qf6 31. Nd6 Re7 32. Nxb7 Rexb7 33. a3
Rb6 34. Qd4 Qg6 35. Kh2 Ne6 36. Qc3 Qf5 37. f4 Qe4 38. Bd3 Qb7 39. Qe5 f6 40.
Qf5 Nf8 41. Bc4+ Kh8 42. e4 Qe7 43. Re1 Qc7 44. Bb3 Qb7 45. Qd5 Ng6 46. Qxb7
R6xb7 47. Bd5 Rb6 48. Kg3 Rd8 49. Kf3 Ne7 50. Rc5 Rbd6 51. Bc4 Nc6 52. Kf2 Nd4
53. Rd1 Nc2 54. Rxd6 Rxd6 55. Rc8+ Kh7 56. Bg8+ Kh8 57. Bb3+ Kh7 58. Bxc2 1-0

[Event "4NCL Division 3 North"]
[Site "Bolton, ENG"]
[Date "2019.02.10"]
[Round "6.16"]
[White "Lee, Michael A"]
[Black "Arnott, Jonathan W"]
[Result "0-1"]
[WhiteElo "1475"]
[BlackElo "2135"]
[PlyCount "78"]
[EventDate "2019.02.10"]
[WhiteTeam "Holmes Chapel"]
[BlackTeam "White Rose 2"]

1. e4 e6 2. d4 d5 3. e5 c5 4. Nf3 Nc6 5. c3 Qb6 6. a3 Nh6 7. Bd3 Bd7 8. Bc2
cxd4 9. cxd4 Nf5 10. Bxf5 exf5 11. O-O Be7 12. Nc3 Be6 13. b4 Rc8 14. Bb2 g5
15. Na4 Qb5 16. Nc3 Qb6 17. Na4 Qd8 18. Rc1 g4 19. Ne1 Bg5 20. Rc3 h5 21. Nc5
Rc7 22. f4 Be7 23. Qa4 Bxc5 24. Rxc5 a6 25. Nd3 O-O 26. Rfc1 Qe7 27. b5 axb5
28. Qxb5 Ra8 29. Nb4 Rcc8 30. Nxd5 Bxd5 31. Rxd5 Rxa3 32. Bxa3 Qxa3 33. Qf1 Ra8
34. Rdc5 Nxd4 35. R5c3 Qb2 36. Re3 Ra2 37. Rb1 Qd2 38. Rd3 Ne2+ 39. Kh1 Qxd3
0-1

[Event "4NCL Division 3 North"]
[Site "Bolton, ENG"]
[Date "2019.02.10"]
[Round "6.21"]
[White "Whyte, Brian G"]
[Black "Haslinger, Gareth J"]
[Result "1-0"]
[WhiteElo "2072"]
[BlackElo "2057"]
[PlyCount "101"]
[EventDate "2019.02.10"]
[WhiteTeam "Shropshire 1"]
[BlackTeam "Manx Liberty 2"]

1. Nf3 d5 2. e3 c6 3. c4 e6 4. b3 f5 5. Bb2 Nf6 6. d3 Be7 7. Qc2 O-O 8. Nbd2
Na6 9. a3 Bd6 10. Be2 Qe7 11. Ne5 Nc5 12. f4 Ng4 13. Bxg4 fxg4 14. Nxg4 Qh4+
15. Nf2 e5 16. Nf3 Qe7 17. Nxe5 Bf5 18. O-O Nd7 19. Nxd7 Bxd7 20. Rfe1 Rae8 21.
Qd2 Bc5 22. d4 Bd6 23. Nd3 Bf5 24. cxd5 cxd5 25. b4 Be4 26. Nc5 Bxc5 27. dxc5
Qf7 28. b5 Qg6 29. Rac1 Rc8 30. Qf2 a6 31. a4 axb5 32. axb5 Bd3 33. Qf3 Be4 34.
Qg3 Qxg3 35. hxg3 Ra8 36. Ra1 Bd3 37. b6 Ra6 38. Rxa6 Bxa6 39. Rd1 Rd8 40. e4
Bc4 41. Be5 Rd7 42. Bc7 Ba6 43. exd5 Kf7 44. Kf2 Kf6 45. Rd4 g5 46. Be5+ Kf5
47. c6 Rd8 48. c7 Ra8 49. Ra4 gxf4 50. gxf4 Rg8 51. Rxa6 1-0

[Event "4NCL Division 3 North"]
[Site "Bolton, ENG"]
[Date "2019.02.10"]
[Round "6.22"]
[White "Akeya-Price, Robert"]
[Black "Higgie, Charles L"]
[Result "1-0"]
[WhiteElo "1878"]
[BlackElo "2005"]
[PlyCount "105"]
[EventDate "2019.02.10"]
[WhiteTeam "Manx Liberty 2"]
[BlackTeam "Shropshire 1"]

1. d4 Nf6 2. c4 g6 3. Nc3 d5 4. cxd5 Nxd5 5. e4 Nxc3 6. bxc3 Bg7 7. Bc4 c5 8.
Ne2 Nc6 9. Be3 cxd4 10. cxd4 Qa5+ 11. Qd2 Qxd2+ 12. Kxd2 O-O 13. Rhd1 Rd8 14.
Ke1 b6 15. Rac1 Bb7 16. Bb5 Rac8 17. a3 Na5 18. f3 a6 19. Bd3 b5 20. Rxc8 Rxc8
21. Rc1 Rxc1+ 22. Nxc1 e6 23. Kd2 Bf8 24. a4 bxa4 25. Kc3 Bd6 26. g3 f5 27. Na2
Nb3 28. Bc4 Kf7 29. e5 Be7 30. Bxb3 axb3 31. Kxb3 Bxf3 32. Ka4 Bd8 33. Kb4 Ke8
34. Nc3 Kd7 35. Na4 Be2 36. Nc5+ Kc6 37. Nxe6 a5+ 38. Kb3 Be7 39. Nf4 Bb5 40.
d5+ Kd7 41. h4 Bb4 42. Ne6 Be1 43. Nc5+ Ke8 44. Nb7 Ba6 45. Nd6+ Kd7 46. Bf4
Ke7 47. Bg5+ Kd7 48. Bf4 Ke7 49. e6 Bf2 50. Nf7 a4+ 51. Kxa4 Bc4 52. Bg5+ Kf8
53. Nd6 1-0

[Event "4NCL Division 3 North"]
[Site "Bolton, ENG"]
[Date "2019.02.10"]
[Round "6.23"]
[White "Bryant, Richard B E"]
[Black "Miah, Zahed"]
[Result "1-0"]
[WhiteElo "1967"]
[BlackElo "1867"]
[PlyCount "41"]
[EventDate "2019.02.10"]
[WhiteTeam "Shropshire 1"]
[BlackTeam "Manx Liberty 2"]

1. e4 e5 2. f4 Bc5 3. Nf3 d6 4. Bc4 Nc6 5. c3 Nf6 6. d3 O-O 7. b4 Bb6 8. a4 a6
9. Na3 Ng4 10. Qe2 exf4 11. Bxf4 Qf6 12. Qd2 Be6 13. d4 Bxc4 14. Nxc4 Rfe8 15.
O-O Rxe4 16. Nxb6 cxb6 17. Ng5 Re7 18. h3 Nh6 19. d5 Ne5 20. Bxe5 Qxe5 21. Rae1
1-0

[Event "4NCL Division 3 North"]
[Site "Bolton, ENG"]
[Date "2019.02.10"]
[Round "6.24"]
[White "Thoday, Francis"]
[Black "Lewis, Christopher D"]
[Result "1/2-1/2"]
[WhiteElo "1821"]
[BlackElo "1930"]
[PlyCount "72"]
[EventDate "2019.02.10"]
[WhiteTeam "Manx Liberty 2"]
[BlackTeam "Shropshire 1"]

1. d4 d5 2. c4 c6 3. Nf3 Nf6 4. e3 e6 5. Nc3 Be7 6. Bd3 dxc4 7. Bxc4 O-O 8. O-O
Nbd7 9. Re1 b5 10. Bd3 Bb7 11. b3 a6 12. Bb2 c5 13. Rc1 Qb6 14. Qe2 Rac8 15.
dxc5 Nxc5 16. Bb1 b4 17. Nd1 Nce4 18. Ne5 Rxc1 19. Bxc1 Rd8 20. f3 Nd6 21. Kh1
Nb5 22. e4 Bc5 23. Nc4 Qa7 24. Be3 Bd4 25. Qf2 Ne8 26. Bxd4 Qxd4 27. Qxd4 Rxd4
28. Kg1 Ned6 29. Nde3 Nxc4 30. Nxc4 Nc3 31. Kf2 Rd1 32. Rxd1 Nxd1+ 33. Ke1 Nc3
34. Nd2 e5 35. Bd3 Nxa2 36. Nb1 Kf8 1/2-1/2

[Event "4NCL Division 3 North"]
[Site "Bolton, ENG"]
[Date "2019.02.10"]
[Round "6.25"]
[White "Gostelow, David W"]
[Black "Haslinger, J Mike"]
[Result "1-0"]
[WhiteElo "1922"]
[BlackElo "1764"]
[PlyCount "57"]
[EventDate "2019.02.10"]
[WhiteTeam "Shropshire 1"]
[BlackTeam "Manx Liberty 2"]

1. d4 d5 2. Bf4 Nf6 3. e3 c5 4. c3 Nc6 5. Nd2 Qb6 6. Qb3 c4 7. Qc2 Nh5 8. Bg5
g6 9. e4 Qd8 10. Be2 h6 11. Be3 Nf6 12. exd5 Bf5 13. Qa4 Nxd5 14. Nxc4 a6 15.
Ne5 Nxe3 16. fxe3 Be4 17. Bf3 Bxf3 18. Ngxf3 Qd5 19. O-O b5 20. Qc2 Rg8 21.
Nxc6 Qxc6 22. Ne5 Qd5 23. Nxf7 Rb8 24. Rf3 Rb6 25. Raf1 Bg7 26. b3 Re6 27. c4
bxc4 28. bxc4 Qh5 29. Qa4+ 1-0

[Event "4NCL Division 3 North"]
[Site "Bolton, ENG"]
[Date "2019.02.10"]
[Round "6.26"]
[White "Dobson, Howard EJ"]
[Black "Bennion, David"]
[Result "0-1"]
[WhiteElo "1632"]
[BlackElo "1930"]
[PlyCount "74"]
[EventDate "2019.02.10"]
[WhiteTeam "Manx Liberty 2"]
[BlackTeam "Shropshire 1"]

1. e4 e5 2. Nf3 Nc6 3. d4 exd4 4. c3 dxc3 5. Bc4 d6 6. Nxc3 Be7 7. O-O Be6 8.
Bxe6 fxe6 9. Qb3 Qd7 10. Qxb7 Rb8 11. Qa6 Nf6 12. e5 dxe5 13. Rd1 Bd6 14. Bg5
O-O 15. Bxf6 Rxf6 16. Ne4 Rxf3 17. gxf3 Nd4 18. Qxa7 Nxf3+ 19. Kg2 Rf8 20. Qe3
Qf7 21. Rd3 Qg6+ 22. Ng3 Nh4+ 23. Kh1 Rf3 24. Qxf3 Nxf3 25. Rxf3 Qc2 26. a4
Qxb2 27. Re1 g5 28. Kg2 Qb7 29. Re4 Kh8 30. Rfe3 Bc5 31. Re2 Bd4 32. Kg1 c5 33.
Rxe5 Bxe5 34. Rxe5 c4 35. Rb5 Qc7 36. Ne4 Qf4 37. Nxg5 h6 0-1

[Event "4NCL Division 3 North"]
[Site "Bolton, ENG"]
[Date "2019.02.10"]
[Round "6.31"]
[White "Clarke, Stuart W"]
[Black "Rawlinson, Aidan M"]
[Result "1/2-1/2"]
[WhiteElo "2198"]
[BlackElo "2177"]
[PlyCount "107"]
[EventDate "2019.02.10"]
[WhiteTeam "3Cs 2"]
[BlackTeam "Manchester Manticores 2"]

1. e4 g6 2. d4 Bg7 3. Nf3 d6 4. Nc3 a6 5. Be2 b5 6. O-O Bb7 7. Re1 Nf6 8. e5
dxe5 9. Nxe5 O-O 10. Bf3 Bxf3 11. Qxf3 c6 12. a4 b4 13. Ne2 Qd5 14. c4 bxc3 15.
bxc3 Nfd7 16. Qxd5 cxd5 17. Nd3 e6 18. Rb1 Nc6 19. Rb7 Ra7 20. Rxa7 Nxa7 21.
Bf4 Nc6 22. Rb1 Ra8 23. Rb7 Ra7 24. Rxa7 Nxa7 25. Bc7 Nc6 26. Nb4 Ndb8 27. Nc1
Bh6 28. Nb3 Kf8 29. f4 Ke8 30. Nc5 g5 31. g3 gxf4 32. gxf4 Nxb4 33. cxb4 Nc6
34. Nxa6 Kd7 35. b5 Nxd4 36. Kf2 Bf8 37. Bb6 Nf5 38. Nc5+ Kc8 39. a5 Nd4 40.
Nd7 Bg7 41. Ne5 Bxe5 42. fxe5 Nxb5 43. a6 Nc7 44. a7 Na8 45. Bc5 Kb7 46. Kf3
Nc7 47. Kg4 Nb5 48. Kg5 Nxa7 49. Kf6 Nc6 50. Kxf7 Nxe5+ 51. Kxe6 Kc6 52. Ba7
Nf3 53. Kf5 Nxh2 54. Kg5 1/2-1/2

[Event "4NCL Division 3 North"]
[Site "Bolton, ENG"]
[Date "2019.02.10"]
[Round "6.32"]
[White "Webster, Richard J"]
[Black "Bentley, John L"]
[Result "0-1"]
[WhiteElo "1997"]
[BlackElo "2132"]
[PlyCount "30"]
[EventDate "2019.02.10"]
[WhiteTeam "Manchester Manticores 2"]
[BlackTeam "3Cs 2"]

1. d4 Nf6 2. c4 g6 3. Nc3 Bg7 4. e4 d6 5. Nf3 O-O 6. Be2 Nbd7 7. O-O e5 8. Re1
c6 9. d5 c5 10. a3 Ne8 11. Bg5 f6 12. Bh4 Rf7 13. Nd2 Nf8 14. Bg4 Bxg4 15. Qxg4
h5 0-1